Países em Quadrados Aleatórios do Mapa do Mundo - Statistics

Estatísticas Gerais
  • Esse quiz foi jogado 22 339 vezes
  • A pontuação média é 18 de 20
Respostas no mapa
Respostas codificadas por cores de uma escala verde-vermelha no mapa do quiz de acordo com a % correta abaixo.
 
Estatísticas das Respostas
Box % Correto
Colômbia | Venezuela | Brasil | Guiana | França | Trinidad e Tobago | Suriname
99%
Estados Unidos | Canadá
99%
Estados Unidos | Canadá
99%
Estados Unidos | Canadá
99%
Estados Unidos | Canadá
99%
Estados Unidos | Canadá
99%
Estados Unidos | Canadá
99%
Estados Unidos | México
99%
Estados Unidos | México
99%
Argentina | Uruguai | Brasil
98%
Brasil
98%
Brasil | Bolívia | Peru
98%
Brasil | Paraguai | Argentina | Chile | Bolívia
98%
Canadá
98%
Canadá
98%
Costa Rica | Panamá | Colômbia | Venezuela | Brasil | Peru | Equador
98%
Brasil
97%
Canadá
97%
Canadá
97%
Equador | Peru | Brasil | Colômbia | Bolívia
97%
Estados Unidos
97%
Estados Unidos | Bahamas
97%
México | Guatemala | El Salvador
97%
Noruega | Suécia | Finlândia | Rússia
97%
Noruega | Suécia | Finlândia | Rússia | Estônia | Letónia | Lituânia | Bielorrússia | Ucrânia | Polônia | Dinamarca | Alemanha
97%
Portugal | Espanha | França | Andorra | Mônaco | Reino Unido | Itália | Suíça | Liechtenstein | Áustria | Alemanha | Bélgica | Países Baixos | Luxemburgo
97%
Rússia
97%
Rússia | China | Mongólia | Coreia do Sul | Coreia do Norte
97%
Canadá
96%
Chile | Argentina
96%
Chile | Argentina
96%
Estados Unidos
96%
Peru | Bolívia | Chile | Argentina
96%
Rússia
96%
Rússia
96%
Rússia
96%
Rússia
96%
Rússia | Cazaquistão
96%
Rússia | Cazaquistão | Quirguistão | Tajiquistão | Uzbequistão | Afeganistão | China | Mongólia
96%
Rússia | Cazaquistão | Turquemenistão | Tajiquistão | Uzbequistão | Irão | Quirguistão | Afeganistão
96%
Rússia | China
96%
Rússia | China | Japão
96%
Rússia | China | Mongólia
96%
Rússia | Finlândia | Bielorrússia | Ucrânia | Cazaquistão
96%
Ucrânia | Rússia | Armênia | Geórgia | Azerbaijão | Turquia | Irão
96%
Alemanha | Eslováquia | República Checa | Polônia | Ucrânia | Moldávia | Romênia | Bulgária | Grécia | Turquia | Macedónia do Norte | Itália | Vaticano | San Marino | Eslovénia | Áustria | Hungria | Croácia | Bósnia e Herzegovina | Albânia | Montenegro | Kosovo | Sérvia
95%
Canadá
95%
Canadá
95%
Cuba | Bahamas | República Dominicana | Haiti | Jamaica | Belize | Guatemala | Honduras | El Salvador | Nicarágua | Costa Rica | Colômbia | Venezuela | Países Baixos | México
95%
Rússia
95%
Rússia
95%
Rússia
95%
Rússia
95%
Rússia
95%
Rússia
95%
Rússia | Cazaquistão
95%
Rússia | Mongólia
95%
Austrália
94%
Austrália
94%
Canadá
94%
Irlanda | Reino Unido | Bélgica | Países Baixos | Alemanha | Dinamarca | Noruega
94%
Austrália
93%
Austrália | Indonésia | Papua Nova Guiné
93%
China | Butão | Bangladesh | Índia | Birmânia
93%
China | Taiwan | Coreia do Sul | Japão
93%
Espanha | Portugal | Marrocos | Mauritânia | Argélia | Tunísia | Mali | Líbia
93%
Índia | Bangladesh
93%
Malawi | Moçambique | Madagáscar | Zimbábue | Essuatíni | África do Sul
93%
Tunísia | Itália | Malta | Grécia | Turquia | Egito | Líbia
93%
África do Sul | Lesoto
92%
Brasil
92%
Índia | Bangladesh | Birmânia | Tailândia | Laos | China | Vietname | Camboja
92%
Tajiquistão | Paquistão | Afeganistão | Índia | China | Nepal | Bangladesh | Butão
92%
Austrália
91%
Austrália | Indonésia | Timor-Leste
91%
Egito | Sudão | Sudão do Sul | Eritreia | Djibouti | Somália | Etiópia | Arábia Saudita | Iémen
91%
Namíbia | Angola | Zâmbia | Zimbábue | África do Sul | Lesoto | Botswana
91%
Turquia | Síria | Chipre | Egito | Israel | Líbano | Jordânia | Arábia Saudita | Kuweit | Iraque | Irão | Bahrein
91%
Austrália | Vanuatu
90%
Japão
90%
Líbia | Egito | Sudão | Chade | Nigéria | Níger | Camarões | Argélia
90%
Quênia | Tanzânia | Moçambique | Comores | Madagáscar | Malawi | Zâmbia | França (Mayotte)
90%
Austrália
89%
Cabo Verde | Marrocos | Mauritânia | Mali | Senegal | Gâmbia | Guiné | Guiné-Bissau
89%
Estados Unidos
89%
Birmânia | Vietname | Malásia | Tailândia | Singapura | Indonésia
87%
Irão | Turquemenistão | Afeganistão | Paquistão | Tajiquistão | Uzbequistão | Catar | Arábia Saudita | Emirados Árabes Unidos | Omã | Índia
87%
Sudão | Sudão do Sul | República Democrática do Congo | República do Congo | Ruanda | Uganda | República Centro-Africana | Chade | Camarões | Nigéria | Gabão | Guiné Equatorial | Burundi | Tanzânia
87%
Argélia | Mali | Mauritânia | Guiné | Burkina Faso | Gana | Togo | Benim | Nigéria | Níger
86%
República do Congo | República Democrática do Congo | Burundi | Ruanda | Tanzânia | Angola | Zâmbia | Zimbábue | Moçambique | Gabão
86%
Guiné | Libéria | Costa do Marfim | Mali | Burkina Faso | Gana | Togo | Benim | Nigéria | Camarões | Gabão | São Tomé e Príncipe | Guiné Equatorial
85%
China | Taiwan | Filipinas
84%
Filipinas | Brunei | Malásia | Indonésia
84%
Marrocos | Mauritânia
84%
Nova Zelândia
84%
Arábia Saudita | Emirados Árabes Unidos | Omã | Iémen | Índia | Paquistão
83%
Índia | Sri Lanka | Maldivas
83%
Sudão | Sudão do Sul | Etiópia | Quênia | Uganda | Tanzânia | Somália
82%
Islândia
81%
Nova Zelândia
79%
Islândia | Irlanda
78%
Indonésia
76%
Nova Zelândia
76%
República Dominicana | Granada | Trinidad e Tobago | Antígua e Barbuda | São Cristóvão e Nevis | São Vicente e Granadinas | Barbados | Venezuela | Países Baixos | França | Santa Lúcia | Dominica
75%
Palau | Estados Federados da Micronésia | Indonésia
74%
Estados Federados da Micronésia | Nauru | Ilhas Marshall | Kiribati
67%
Papua Nova Guiné | Ilhas Salomão | Vanuatu
63%
Guiné | Serra Leoa | Libéria
62%
Maurícia | França (Reunião)
57%
Fiji | Tonga
55%
Seychelles
51%
Nenhum quiz correspondente encontrado
Distribuição das Pontuações
Porcentagem de Pessoas com Cada Pontuação
Percentil de Números Respondidos
Sua Pontuação Histórica
Você não jogou esse quiz